00422 a2200133 450000500170000008200130001710000140003024500260004425000120007026000430008230000740012570000300019985600590022920250627131043.0 a657 LIB aLIBBY, R. aFinancial Accounting. a5th Ed. aNew York,bMcgraw- Hill Irwin,c2007. axxxi, 798p.: Ill.;figures, picture & tablebGlossary and Indexc26cm. aLIBBY, P.A. & SHORT, D.G. yAccess Online BookfFinancial Accountingdwww.mhhe.com